000 00567nam a22001937a 4500
005 20251108164229.0
008 250721s1986 xx 000 0 ara d
082 1 4 _aق/كما
100 1 _aالنجمي، كمال
245 1 0 _aيوميات المغنيين و الجواري /
264 1 _aالقاهره :
_bدار الهلال،
_c1986.
300 _a208ص
490 0 _aحكايات من الأغاني
650 1 7 _aالغناء
650 1 7 _aالغناء العربي
650 1 7 _aالموسيقى العربية
942 _2ddc
_cBK
999 _c6968
_d6968